00691nam a2200241 a 4500001001300000003000900013005001700022008004100039020001000080082001600090100002000106245002600126260005500152300000900207500003500216505001000251650002200261700002000283902000800303942000700311952011600318999001500434nice12345678IN_TiNIC20260116011847.0050524s1973 bana grp 000 0 eng  ac10000a269.2bPAT2 aPathrapankal, J aService and Salvation aBangalorebTheological Publications in Indiac1973 a623p aincludes index and biblioraphy2 aindex aEvangelistic Work1 aPathrapankal, J bSRS cBK 001040708StackRoom-aHMIbHMId2007-07-13g100.00l0o269.2 PAT2p07690r2007-07-13v100.00w2005-05-24yBK c4521d4521